All naval ensigns - Statistics

General Stats
  • This quiz has been taken 43 times
  • The average score is 79 of 111
Answer Stats
Picture Answer % Correct
Pakistan
97%
Australia
94%
Canada
94%
France
94%
Germany
94%
Israel
94%
Norway
94%
South Africa
94%
Sweden
94%
Ukraine
94%
United Kingdom
94%
Algeria
91%
Bulgaria
91%
Cambodia
91%
Denmark
91%
Kenya
91%
Morocco
91%
New Zealand
91%
Saudi Arabia
91%
South Korea
91%
Thailand
91%
Tunisia
91%
Albania
88%
Brunei
88%
Iceland
88%
India
88%
Mongolia
88%
Nigeria
88%
Serbia
88%
Sri Lanka
88%
Switzerland
88%
Taiwan
88%
Barbados
85%
China
85%
Colombia
85%
Egypt
85%
Iran
85%
Ireland
85%
Italy
85%
Oman
85%
Trinidad and tobago
85%
United States
85%
Argentina
82%
Bangladesh
82%
Finland
82%
Japan
82%
Jordan
82%
Libya
82%
Lithuania
82%
Malaysia
82%
Montenegro
82%
Poland
82%
Romania
82%
Sudan
82%
Vietnam
82%
Antigua and Barbuda
79%
Croatia
79%
Ghana
79%
Jamaica
79%
Malta
79%
Namibia
79%
United Arab Emirates
79%
Bahamas
76%
Bolivia
76%
Grenada
76%
Hungary
76%
Kazakhstan
76%
Papua New Guinea
76%
Sierra Leone
76%
Singapore
76%
Yemen
76%
Belgium
73%
Solomon Islands
73%
Spain
73%
Gambia
70%
Honduras
70%
Tonga
70%
Fiji
67%
Greece
67%
Uruguay
67%
Azerbaijan
64%
Latvia
64%
Philippines
64%
Russia
64%
Uzbekistan
64%
Gabon
61%
Saint Kitts and Nevis
61%
North Korea
58%
Vanuatu
58%
Estonia
52%
Iraq
52%
Laos
52%
Moldova
52%
Turkmenistan
48%
Netherlands
39%
Ecuador
36%
Chile
33%
Mexico
33%
Indonesia
30%
Cuba
27%
Myanmar
27%
Venezuela
27%
Cyprus
24%
Georgia
21%
Paraguay
21%
Slovenia
21%
Brazil
18%
Turkey
15%
Panama
12%
Djibouti
9%
Mauritius
6%
No matching quizzes found
Score Distribution
Percent of People with Each Score
Percentile by Number Answered
Your Score History
You have not taken this quiz